Geography Quiz

Random Geography or City Quiz

Cities with the Most Stadiums Quiz Stats

Quiz Updated Jul 5, 2014

Challenge
Share
Tweet
Embed
Score 0/65 Timer 07:00
6 Plays Today
# City % Correct
6New York
96.4%
8Los Angeles
89.8%
18London
86.7%
6Chicago
78.5%
6Paris
78.2%
6Dallas
73.4%
8Tokyo
70.1%
8Madrid
69.4%
16Beijing
69.1%
5Boston
67.7%
9Houston
66.8%
8Moscow
63.8%
13Mexico City
59.5%
10Sydney
59.4%
5Barcelona
59.3%
6Seattle
57.6%
6Atlanta
57.4%
6Philadelphia
56.3%
5Toronto
52.8%
5Washington
50.8%
7Rio de Janeiro
46.9%
10Athens
44%
7Shanghai
43.7%
5Montreal
42.5%
7Buenos Aires
42.3%
9Cairo
39.5%
12Seoul
39.1%
9Melbourne
38.1%
5Cleveland
36.9%
5Sao Paulo
36.1%
8San Antonio
34.4%
5Lisbon
33.7%
5Baltimore
33.5%
# City % Correct
7Indianapolis
32.3%
9Istanbul
29.1%
7Santiago
28%
8Cincinnati
27.9%
7Kansas City
27.9%
5Lima
25.4%
7Nashville
23.1%
5Birmingham (US)
22.1%
7Columbus
21.5%
5Jakarta
20.2%
7Osaka
20.1%
6Bangkok
19.3%
9Tehran
18.4%
6Dubai
17.8%
7Prague
17%
5Las Vegas
15.4%
6Calgary
14.9%
5Brisbane
14.4%
5Budapest
12.9%
7Louisville
10.8%
6Quito
10.3%
7Kuala Lumpur
10.2%
5Guangzhou
9.3%
5Bucharest
9.3%
6Abu Dhabi
8.3%
6El Paso
7.8%
5Sofia
5.9%
5Doha
5.1%
6Monterrey
4.7%
5Busan
3.5%
5Tianjin
2.8%
5Daegu
1.1%

You're not logged in!

Compare scores with friends on all Sporcle quizzes.
Join for Free
OR
Log In

You Might Also Like...

Show Comments

Extras

Top Quizzes Today


Score Distribution

Your Account Isn't Verified!

In order to create a playlist on Sporcle, you need to verify the email address you used during registration. Go to your Sporcle Settings to finish the process.

Report this User

Report this user for behavior that violates our Community Guidelines.

Details: